000 00362nam a2200145Ia 4500
008 230917s9999||||xx |||||||||||||| ||und||
040 _e152274
_aMAIN
041 _aEnglish
082 _a891.2109 N131C
100 _aNagar, Ravi shankar
245 0 _aCritical study vyanjana
260 _aDelhi
_bVandana Publications
_c1977
300 _a290 p.
942 _cBK
999 _c163101
_d163101